| 000 | 00456nam a2200181Ia 4500 | ||
|---|---|---|---|
| 001 | 22295 | ||
| 005 | 20260414150821.0 | ||
| 008 | 260414t2015||||xx |||||||||||||| ||spa|| | ||
| 041 | _aESP | ||
| 082 |
_a621.312 _bG23 |
||
| 100 |
_aGarcía Barrientos, Abel _eAUT |
||
| 245 | 0 |
_aFuentes de energías alternas : _b teoría y practica |
|
| 260 | _c2015 | ||
| 300 |
_a202 páginas : _c23 cm. |
||
| 650 | _aTCA | ||
| 654 | _aCET | ||
| 942 |
_cLIB _dJUS _fJUS _2ddc _n |
||
| 999 |
_c22295 _d22295 |
||